Real or Fake Bank Quiz Stats

Quiz Updated Apr 7, 2016

Challenge
Share
Tweet
Embed
Score 0/26 Timer 03:00
4 Plays Today
Bank Name Real (R) or Fake (F) % Correct
Money in the Bank???
83%
Fifth Third Bank???
80.5%
TD Bank???
79.4%
Paducah Bank???
75.1%
Virgin Bank???
74.5%
Salem Five Cent Savings???
73.6%
Charity Bank???
73.3%
Make Cents Bank???
72.6%
Okie Dokie Bank???
71.4%
The Private Bank???
67.2%
Dollar Bank???
65.4%
Raccoon Valley Bank???
64.1%
Rainy Day Savings Bank???
62.4%
Bank Name Real (R) or Fake (F) % Correct
Hicksville Bank???
62.1%
The Banker's Bank???
61.7%
Dime Savings Bank???
59.8%
Ravioli Bank???
59.5%
Flathead Bank???
56%
The Bank???
54.2%
Slavie Federal Savings???
51.8%
Camelback Bank???
45.6%
Gates Bank???
43.3%
DNC Bank???
38.9%
Money Tree Bank???
37.4%
Kahn Bank???
33.7%
Lonesome Valley Bank???
33.1%

You're not logged in!

Compare scores with friends on all Sporcle quizzes.
Join for Free
OR
Log In

You Might Also Like...

Show Comments

Extras

Top Quizzes Today


Score Distribution

Your Account Isn't Verified!

In order to create a playlist on Sporcle, you need to verify the email address you used during registration. Go to your Sporcle Settings to finish the process.

Report this User

Report this user for behavior that violates our Community Guidelines.

Details: